Tel Miqne-Ekron : Report of the 1985-1987 excavations in Field INE: Areas 5,6,7 : the Bronze and Iron ages. Text and data base (Plates, sections, plans) /
المؤلف الرئيسي:
مؤلفون مشاركون: , , , , ,
مؤلفون آخرون: ,
التنسيق: كتاب
اللغة: English
منشور في:
Jerusalem :
W.F. Albright Institute of Archaelogical Research,
1996.
الموضوعات:
الوسوم: إضافة وسم
رقم الطلب: DS110 .E458 v.6
| LEADER | 01783cam a2200361 a 4500 | ||
|---|---|---|---|
| 001 | 4957797 | ||
| 003 | OSt | ||
| 005 | 20241023133209.0 | ||
| 008 | 960904s1996 is abef 000 0 eng d | ||
| 999 | |c 55258 |d 55258 | ||
| 010 | |a 96225562 | ||
| 035 | |a (OCoLC)35362149 | ||
| 040 | |c ARCE Library | ||
| 042 | |a lccopycat | ||
| 043 | |a a-is--- | ||
| 050 | 4 | |a DS110 .E458 v.6 | |
| 100 | 1 | |a Killebrew, Ann E. | |
| 245 | 1 | 0 | |a Tel Miqne-Ekron : |b Report of the 1985-1987 excavations in Field INE: Areas 5,6,7 : the Bronze and Iron ages. Text and data base (Plates, sections, plans) / |c by Ann E. Killebrew with contributions by T. Dothan and S. Gitin. Hesse and P. Wapnish. |
| 260 | |a Jerusalem : |b W.F. Albright Institute of Archaelogical Research, |c 1996. | ||
| 300 | |a xii, 277 p., [8] p. of plates, 50 p. : |b ill., maps, port., plans ; |c 28 cm. | ||
| 500 | |a "A joint excavation and publication project of the W.F. Albright Institute of Archaeological Research in Jerusalem, one of the American Schools of Oriental Research and the Institute of Archaeology of the Hebrew University of Jerusalem (The Philip and Muriel Berman Center for Biblical Archaeology)." | ||
| 650 | 0 | |a Excavations (Archaeology) |z Israel |z Ekron (Extinct city) | |
| 651 | 0 | |a Ekron (Extinct city) | |
| 700 | 1 | |a Dothan, Trude. | |
| 700 | 1 | |a Gitin, Seymour. | |
| 710 | 2 | |a W.F. Albright Institute of Archaeological Research. | |
| 710 | 2 | |a Universiṭah ha-ʻIvrit bi-Yerushalayim. |b Makhon le-arkheʾologyah. | |
| 710 | 2 | |a American Schools of Oriental Research. | |
| 710 | 2 | |a Ḥevrah la-ḥaḳirat Erets-Yiśraʾel ṿe-ʻatiḳoteha. | |
| 710 | 2 | |a Philip and Muriel Berman Center for Biblical Archaeology. | |
| 710 | 2 | |a Tel Miqne-Ekron Excavation and Publication Project. | |
| 901 | |a reviewed | ||
| 942 | |2 lcc |c BK | ||
